Diritto penale
שמור ב:
| מחבר ראשי: | |
|---|---|
| פורמט: | ספר |
| שפה: | איטלקית |
| יצא לאור: |
Milán
Giuffrè
2003
|
| סדרה: | Pubblicazioni dell'Istituto di Diritto Penale e Processuale Penale, 31
|
| נושאים: | |
| תגים: |
הוספת תג
אין תגיות, היה/י הראשונ/ה לתייג את הרשומה!
|
MARC
| LEADER | 00000nam a2200000 a 4500 | ||
|---|---|---|---|
| 001 | UCL9655 | ||
| 003 | CL-VaPUC | ||
| 008 | 040820e20030000IT |||||||||||||||||ita|d | ||
| 020 | |a 8814101361v.1 | ||
| 082 | 0 | 4 | |a 345.45 |b PED |2 21 |
| 100 | 0 | |a Pedrazzi, Cesare |e author |9 487557 | |
| 245 | 1 | 0 | |a Diritto penale |
| 300 | |a v | ||
| 942 | |c BK | ||
| 945 | |d 20040820 00:00:00 |a cmena | ||
| 260 | |a Milán |b Giuffrè |c 2003 | ||
| 500 | |a v.1: Scritti di parte generale | ||
| 650 | 7 | |a DERECHO PENAL |2 CL-VaPUC |9 11 | |
| 650 | 0 | |a Fuentes del derecho |9 255162 | |
| 650 | 0 | |a Derecho natural |9 255041 | |
| 650 | 0 | |a Poder judicial |9 254871 | |
| 650 | 0 | |a Filosofía del derecho |9 255050 | |
| 650 | 0 | |a Delitos |9 224143 | |
| 651 | 0 | |a Italia |9 254949 | |
| 583 | |a last modification |c 20040820 00:00:00 |k Rodrigo Vera | ||
| 490 | 0 | |a Pubblicazioni dell'Istituto di Diritto Penale e Processuale Penale, 31 | |
| 999 | |c 310372 |d 310370 | ||
| 952 | |0 0 |1 0 |4 0 |6 345_450000000000000_PED_2003 |7 0 |8 A |9 378705 |a BIBDER |b BIBDER |d 2019-11-21 |h v.1 |i 4049020 |o 345.45 PED 2003 |p 4049020 |r 2023-01-25 |w 2019-11-21 |y BK |k DER | ||